Деловая коммуникация / ДО 2018: электронный курс

Bibliographische Detailangaben
1. Verfasser: Родионова Е. В. Елена Викторовна
Körperschaft: Национальный исследовательский Томский политехнический университет Институт социально-гуманитарных технологий Кафедра социальных коммуникаций
Weitere Verfasser: Конюхова Т. В. Татьяна Васильевна, Латышева Е. В. Елена Владимировна
Zusammenfassung:Заглавие с экрана
Данный курс будет интересен широкому кругу обучающихся. Курс будет полезен студентам, планирующим успешную профессиональную карьеру.
Доступ по логину и паролю
Sprache:Russisch
Veröffentlicht: Томск, TPU Moodle, 2017
Schlagworte:
Online-Zugang:https://design.lms.tpu.ru/course/view.php?id=2650
Format: MixedMaterials Elektronisch Buch
KOHA link:https://koha.lib.tpu.ru/cgi-bin/koha/opac-detail.pl?biblionumber=665755

MARC

LEADER 00000nlm0a2200000 4500
001 665755
005 20241209140110.0
035 |a (RuTPU)RU\TPU\network\36959 
035 |a RU\TPU\network\33314 
090 |a 665755 
100 |a 20211112d2017 m y0rusy50 ca 
101 0 |a rus 
102 |a RU 
105 |a a j 000zy 
135 |a jrcn ---uucaa 
181 0 |a i  
182 0 |a b 
200 1 |a Деловая коммуникация / ДО 2018  |e электронный курс  |f Е. В. Родионова, Т. В. Конюхова, Е. В. Латышева  |g Национальный исследовательский Томский политехнический университет, Институт социально-гуманитарных технологий, Кафедра социальных коммуникаций 
203 |a Текст  |c электронный 
210 |c TPU Moodle  |d 2017  |a Томск 
300 |a Заглавие с экрана 
330 |a Данный курс будет интересен широкому кругу обучающихся. Курс будет полезен студентам, планирующим успешную профессиональную карьеру. 
333 |a Доступ по логину и паролю 
606 1 |a Деловое общение  |x Психология  |2 stltpush  |3 (RuTPU)RU\TPU\subj\38805  |9 59088 
610 1 |a электронный ресурс 
610 1 |a труды учёных ТПУ 
610 1 |a электронное обучение 
610 1 |a электронные курсы ТПУ 
610 1 |a электронные учебные пособия 
610 1 |a учебные пособия 
610 1 |a e-learning 
610 1 |a Moodle 
610 1 |a дистанционное образование 
610 1 |a дистанционное обучение 
610 1 |a коммуникации 
610 1 |a общение 
610 1 |a коммуникационные процессы 
610 1 |a коммуникативные барьеры 
610 1 |a конгруэнтность 
610 1 |a переговоры 
610 1 |a деловая беседа 
610 1 |a убеждение 
610 1 |a конфликты 
686 |a Ю953я73  |2 rubbk 
700 1 |a Родионова  |b Е. В.  |c специалист в области социальных коммуникаций  |c доцент Томского политехнического университета, кандидат философских наук  |f 1971-  |g Елена Викторовна  |y Томск  |3 (RuTPU)RU\TPU\pers\30242  |9 14619 
701 1 |a Конюхова  |b Т. В.  |c философ  |c доцент Томского политехнического университета, кандидат философских наук  |f 1980-  |g Татьяна Васильевна  |3 (RuTPU)RU\TPU\pers\25558  |9 11488 
701 1 |a Латышева  |b Е. В.  |c специалист в области культурологии и социальной коммуникации  |c доцент Томского политехнического университета, кандидат философских наук  |f 1977-  |g Елена Владимировна  |3 (RuTPU)RU\TPU\pers\24643 
712 0 2 |a Национальный исследовательский Томский политехнический университет  |b Институт социально-гуманитарных технологий  |b Кафедра социальных коммуникаций  |3 (RuTPU)RU\TPU\col\21254 
801 2 |a RU  |b 63413507  |c 20220420  |g RCR 
856 4 |u https://design.lms.tpu.ru/course/view.php?id=2650 
942 |c CF